000 00637nam a22001817a 4500
999 _c18427
_d18427
003 AR-CdUCM
008 190514b ||||| |||| 00| 0 spa d
040 _aMUNICIPALIDAD PROVINCIAL DEL CUSCO
_cBIBLIOTECA MUNICIPAL DEL CUSCO
082 _a301.04 /
_bM26
100 _aMarcel, Gabriel
_92767
245 _aDecadencia de la sabiduría /
260 _aBuenos Aires,
_bEmecé,
_c1955.
300 _a111 páginas ;
_c21 cm.
505 _aLos limites de la civilización industrial --La noción de herencia espiritual -- El estallido de la noción de sabiduría --
650 _asabiduría.
_927164
942 _2ddc
_cLIBROS
945 _awfj